[Event "chaumont/LTR"]
[Site "?"]
[Date "2009.02.08"]
[Round "5"]
[White "ROULE, Alexandre"]
[Black "BEAUGRAND, Julien"]
[Result "0-1"]
[WhiteElo "1640"]
[BlackElo "1747"]
[PlyCount "78"]
[EventDate "2009.02.08"]
[SourceDate "2009.02.08"]

1. e4 c5 2. Nf3 Nc6 3. d4 cxd4 4. Nxd4 Nf6 5. Nc3 e5 6. Ndb5 d6 7. Bg5 a6 8.
Bxf6 gxf6 9. Na3 b5 10. Nd5 Bg7 11. c4 Qa5+ 12. Qd2 Qxd2+ 13. Kxd2 O-O 14. cxb5
axb5 15. Bxb5 Nd4 16. Ne7+ Kh8 17. Nxc8 Rfxc8 18. Rhc1 Bh6+ 19. Kd1 Rxc1+ 20.
Rxc1 Bxc1 21. Kxc1 Rxa3 22. bxa3 Nxb5 23. Kb2 Kg8 24. a4 Na7 25. Kb3 Kf8 26.
Kb4 Ke8 27. Ka5 Kd7 28. Kb6 Nc8+ 29. Kb7 f5 30. Ka6 Kc6 31. Ka5 Kc5 32. Ka6
fxe4 33. Kb7 d5 34. a5 Nd6+ 35. Ka7 Kb5 36. a6 d4 37. a4+ Ka5 38. Kb8 Kxa6 39.
Kc7 d3 0-1

[Event "chaumont/LTR"]
[Site "?"]
[Date "2009.02.08"]
[Round "5"]
[White "DA COSTA, Mathieu"]
[Black "DJEMOUAI, Medhi"]
[Result "1-0"]
[WhiteElo "1670"]
[BlackElo "1510"]
[PlyCount "87"]
[EventDate "2009.02.08"]
[SourceDate "2009.02.08"]

1. e4 c5 2. Nf3 d6 3. d4 cxd4 4. Nxd4 Nf6 5. Nc3 Nc6 6. Bb5 Bd7 7. Bxc6 bxc6 8.
O-O g6 9. Bg5 Bg7 10. Kh1 Qb6 11. Nb3 O-O 12. e5 Ng4 13. Qd2 f6 14. exf6 Bxf6
15. Bxf6 Rxf6 16. Ne4 Rf7 17. h3 Nf6 18. Ng5 Rg7 19. Rae1 Qb5 20. f4 h6 21. Nd4
Qd5 22. c4 Qxc4 23. Nge6 Bxe6 24. Nxe6 Rf7 25. b3 Qd5 26. Qc2 Qh5 27. Qxc6 Qd5
28. Qc2 Qf5 29. Qxf5 gxf5 30. Nd4 Ne4 31. Kh2 Nc5 32. Rf3 Re8 33. Rg3+ Kh7 34.
Rge3 Rg7 35. Nxf5 Rf7 36. Nxd6 exd6 37. Rxe8 Rxf4 38. R1e7+ Kg6 39. Rg8+ Kh5
40. Rh7 Rf6 41. Rxa7 Nd3 42. Ra5+ Ne5 43. Ra4 Rf2 44. Kg3 1-0

[Event "chaumont/LTR"]
[Site "?"]
[Date "2009.02.08"]
[Round "5"]
[White "LOUIS, Sophie"]
[Black "LOUOT, Catherine"]
[Result "0-1"]
[WhiteElo "1500"]
[BlackElo "1510"]
[PlyCount "54"]
[EventDate "2009.02.08"]
[SourceDate "2009.02.08"]

1. e4 e5 2. Nf3 Nf6 3. Nc3 Nc6 4. Bb5 Bc5 5. h3 O-O 6. O-O d6 7. d3 Bd7 8. Bg5
h6 9. Bxf6 Qxf6 10. Nd5 Qd8 11. c3 a6 12. Bxc6 bxc6 13. Ne3 Bxe3 14. fxe3 Qf6
15. Nh2 Qg6 16. Qf3 f5 17. Kh1 fxe4 18. Qxe4 Bf5 19. Qxc6 Bxd3 20. Rxf8+ Rxf8
21. Rg1 Be4 22. Qc4+ d5 23. Qe2 Qg3 24. c4 Rf2 25. Qg4 Qxe3 26. Qe6+ Kh7 27.
Ng4 Qxh3+ 0-1

[Event "Echiquier Aubois/BME"]
[Site "?"]
[Date "2009.02.08"]
[Round "5"]
[White "GUYOT, Philippe"]
[Black "BOILLON, Vincent"]
[Result "0-1"]
[WhiteElo "2010"]
[BlackElo "2156"]
[PlyCount "136"]
[EventDate "2009.02.08"]
[SourceDate "2009.02.10"]

1. e4 c5 2. Nc3 Nc6 3. g3 Rb8 4. f4 g6 5. Nf3 Bg7 6. Bg2 b5 7. O-O b4 8. Ne2
Qb6 9. Kh1 Bb7 10. d3 Nh6 11. h3 f5 12. e5 d5 13. d4 c4 14. Ng5 Nd8 15. c3 e6
16. a3 bxa3 17. Rxa3 O-O 18. b4 Nhf7 19. Nf3 Nc6 20. Qa4 a6 21. Ra2 Na7 22. Bd2
Nb5 23. Rfa1 h6 24. Qc2 Nd8 25. Kh2 Nc6 26. Kh1 Ra8 27. Bc1 Rfb8 28. Ba3 Nxa3
29. Rxa3 Bf8 30. R3a2 a5 31. bxa5 Nxa5 32. Rb1 Nb3 33. Rxa8 Bxa8 34. Nc1 Bc6
35. Nxb3 cxb3 36. Qb2 Qa6 37. Ra1 Qd3 38. Rc1 Ba3 39. Qxa3 b2 40. Rg1 b1=Q 41.
Rxb1 Qxb1+ 42. Kh2 Qb7 43. Qd6 Kf7 44. Nh4 Rg8 45. c4 Rc8 46. cxd5 Bxd5 47.
Bxd5 Qxd5 48. Qxd5 exd5 49. Nf3 Rc2+ 50. Kg1 Re2 51. Kf1 Re4 52. Kf2 Ke7 53.
Kf1 g5 54. fxg5 hxg5 55. Nxg5 Rxd4 56. Kf2 Rd2+ 57. Ke3 Rg2 58. Kf3 Rg1 59. h4
d4 60. Kf2 Ra1 61. Ke2 Ra3 62. Nf3 Re3+ 63. Kf2 Re4 64. h5 Kf8 65. h6 d3 66.
Kf1 Kg8 67. Kf2 Re2+ 68. Kf1 Kh7 0-1

[Event "Echiquier Aubois/BME"]
[Site "?"]
[Date "2009.02.08"]
[Round "5"]
[White "AUBRIET, Laurentl"]
[Black "FOURNIER, Manuel"]
[Result "1-0"]
[WhiteElo "2017"]
[BlackElo "2027"]
[Annotator "picard,serge"]
[PlyCount "97"]
[EventDate "2009.02.08"]
[SourceDate "2009.02.10"]

1. d4 d5 2. c4 e6 3. Nc3 Nf6 4. Nf3 c6 5. e3 Nbd7 6. Qc2 Bd6 7. g4 h6 8. h3 Qe7
9. Bd2 dxc4 10. Bxc4 e5 11. O-O-O e4 12. Nh4 Nb6 13. Bb3 Bd7 14. Nf5 Bxf5 15.
gxf5 O-O 16. Rhg1 Bb4 17. Rg2 Bxc3 18. Bxc3 Kh7 19. Rdg1 Rg8 20. Qe2 Nbd5 21.
Be1 Qd7 22. Bc2 Qxf5 23. f3 g6 24. fxe4 Nxe4 25. Rf2 Qe6 26. Bxe4 Qxe4 27.
Rxf7+ Rg7 28. Rxg7+ Kxg7 29. Bd2 Rf8 30. Qe1 Rf3 31. Rg4 Qe6 32. Qe2 Rxh3 33.
e4 Rh1+ 34. Kc2 Nf6 35. Rf4 Qxa2 36. Qf3 Qb1+ 37. Kc3 Nh7 $4 (37... Rf1 $3 38.
Qxf1 Nxe4+ $19) 38. Rf7+ Kg8 39. Rxb7 Rf1 40. Qh3 Nf8 41. Rb8 Qd1 42. Qe6+ Rf7
$4 (42... Kh8 $11) 43. Rxf8+ Kxf8 44. Bxh6+ Kg8 45. Qxg6+ Kh8 46. Qxf7 Qe1+ 47.
Bd2 Qxe4 48. Qh5+ Kg7 49. Qe5+ 1-0

[Event "Echiquier Aubois/BME"]
[Site "?"]
[Date "2009.02.08"]
[Round "5"]
[White "HASCHER, Nicolas"]
[Black "DELMONT, Jean-robert"]
[Result "0-1"]
[WhiteElo "2010"]
[BlackElo "1970"]
[PlyCount "56"]
[EventDate "2009.02.08"]
[SourceDate "2009.02.10"]

1. d4 Nf6 2. Nf3 c5 3. d5 e6 4. c4 exd5 5. cxd5 d6 6. Nc3 g6 7. g3 Bg7 8. Bg2
O-O 9. O-O b6 10. Nd2 Ba6 11. a4 Re8 12. Re1 c4 13. e4 Nbd7 14. Nb5 Ne5 15. f4
Nd3 16. Nxc4 Nxe1 17. Qxe1 Bxb5 18. axb5 Nxd5 19. Qd1 Nf6 20. e5 dxe5 21. Qxd8
Raxd8 22. fxe5 Rd1+ 23. Bf1 Ng4 24. h3 Nxe5 25. Ne3 Rd7 26. Nc2 Nd3 27. Bxd3
Rxd3 28. Bf4 Rb3 0-1

[Event "Echiquier Aubois/BME"]
[Site "?"]
[Date "2009.02.08"]
[Round "5"]
[White "COLIN, Stephanie"]
[Black "GUILLAUME, Jean-Francois"]
[Result "1-0"]
[WhiteElo "1853"]
[BlackElo "1910"]
[PlyCount "75"]
[EventDate "2009.02.08"]
[SourceDate "2009.02.10"]

1. d4 f5 2. c4 g6 3. Nc3 Bg7 4. Nf3 Nf6 5. Bf4 d6 6. e3 c6 7. Bd3 O-O 8. Qc2
Qe8 9. O-O Nbd7 10. d5 Nc5 11. Rac1 a5 12. Rfe1 Nfe4 13. Nd1 h6 14. Nd2 g5 15.
Bg3 Nxg3 16. hxg3 e5 17. Be2 Qf7 18. Nc3 Bd7 19. Nb3 f4 20. gxf4 gxf4 21. Bf3
Bf5 22. e4 Bg6 23. Nxc5 dxc5 24. Rcd1 h5 25. Qe2 Rfd8 26. Rd2 Bf8 27. Red1 Be7
28. Na4 Qf6 29. Bxh5 Kf7 30. Bg4 Rh8 31. Nb6 Rad8 32. Nd7 Qg5 33. Rd3 Rh4 34.
Be6+ Kg7 35. Rh3 Rdh8 36. Rdd3 Bh5 37. Qe1 Be8 38. Qxa5 1-0

[Event "Echiquier Aubois/BME"]
[Site "?"]
[Date "2009.02.08"]
[Round "5"]
[White "FERRAND, Christophe"]
[Black "DHAUSSY, Adrien"]
[Result "1-0"]
[WhiteElo "1901"]
[BlackElo "1859"]
[PlyCount "75"]
[EventDate "2009.02.08"]
[SourceDate "2009.02.10"]

1. e4 c5 2. Nf3 d6 3. Bb5+ Nc6 4. O-O g6 5. Bxc6+ bxc6 6. d4 c4 7. c3 d5 8. Ne5
Bd7 9. Qf3 Nf6 10. Nxf7 Kxf7 11. e5 Bg7 12. exf6 exf6 13. h4 Rb8 14. Nd2 h5 15.
b3 Bg4 16. Qg3 Bf8 17. bxc4 Bd6 18. f4 Be2 19. Re1 Bxc4 20. Nxc4 dxc4 21. Qf3
Re8 22. Be3 Qd7 23. Qf1 Qe6 24. d5 Qg4 25. Qxc4 Rb2 26. dxc6+ Kg7 27. Bf2 Rxf2
28. Kxf2 Qxh4+ 29. g3 Qh2+ 30. Kf3 Rxe1 31. Rxe1 h4 32. gxh4 Qh3+ 33. Ke2 Qg4+
34. Kd3 Qg3+ 35. Re3 Qg1 36. Kd2 Qf2+ 37. Re2 Bxf4+ 38. Kc2 1-0

[Event "Echiquier Aubois/BME"]
[Site "?"]
[Date "2009.02.08"]
[Round "5"]
[White "CAZZARO, Dorian"]
[Black "TOURNIER, Thimothee"]
[Result "1/2-1/2"]
[WhiteElo "1832"]
[BlackElo "1921"]
[PlyCount "118"]
[EventDate "2009.02.08"]
[SourceDate "2009.02.10"]

1. e4 c5 2. Nf3 d6 3. d4 cxd4 4. Nxd4 Nf6 5. Nc3 a6 6. Be2 e6 7. Be3 Be7 8. O-O
O-O 9. f4 Qc7 10. a4 Nc6 11. Qe1 Bd7 12. Qg3 Rfc8 13. f5 Nxd4 14. Bxd4 e5 15.
Be3 Bc6 16. Bd3 b5 17. Bh6 Qb6+ 18. Kh1 Bf8 19. axb5 axb5 20. Rxa8 Rxa8 21. Nd5
Bxd5 22. exd5 Ra4 23. b3 Rg4 24. Be3 Qb7 25. Qf2 Qxd5 26. h3 Ne4 27. Qe1 Ng3+
28. Kg1 Nxf1 29. hxg4 Nxe3 30. Qxe3 Qb7 31. Qe4 Qxe4 32. Bxe4 g6 33. Kf2 Kg7
34. Kf3 Kh6 35. Bd5 Kg5 36. Bxf7 gxf5 37. gxf5 Kxf5 38. g4+ Kf6 39. Bd5 Ke7 40.
c4 b4 41. Be4 h6 42. Bd5 Kf6 43. Be4 Be7 44. Bd5 Bd8 45. Ke4 Kg5 46. Be6 Bb6
47. Kf3 Kh4 48. Bf5 Bd8 49. Bd7 Bg5 50. Be6 Kh3 51. Bf5 Kh2 52. Bd3 Bd8 53. Be4
Bb6 54. Bd3 Bc5 55. Be4 Kg1 56. Bd3 Bd4 57. Be2 Bb6 58. Bd3 Bc5 59. Be2 e4+
1/2-1/2

[Event "Echiquier Aubois/BME"]
[Site "?"]
[Date "2009.02.08"]
[Round "5"]
[White "GUYOT, Jason"]
[Black "GODARD, Adrien"]
[Result "1-0"]
[WhiteElo "1600"]
[BlackElo "1690"]
[PlyCount "93"]
[EventDate "2009.02.08"]
[SourceDate "2009.02.10"]

1. e4 e5 2. Nf3 Nc6 3. Bc4 Nf6 4. d3 d5 5. exd5 Nxd5 6. Bxd5 Qxd5 7. Nc3 Qa5 8.
Bd2 Bg4 9. O-O Nd4 10. Ne2 Nxe2+ 11. Qxe2 Bxf3 12. gxf3 Qd5 13. Qe4 O-O-O 14.
Rfe1 f6 15. f4 Qxe4 16. Rxe4 Bd6 17. Rae1 b5 18. fxe5 Bxe5 19. Bf4 Bxf4 20.
Rxf4 Rhe8 21. Rfe4 Rxe4 22. Rxe4 Kd7 23. Kg2 Kc6 24. Re7 Rd7 25. Rxd7 Kxd7 26.
Kf3 f5 27. Kf4 Ke6 28. Kg5 Ke5 29. c3 c5 30. f4+ Ke6 31. b3 a6 32. h4 b4 33. c4
g6 34. h5 Kf7 35. Kh4 Kf6 36. hxg6 hxg6 37. Kg3 g5 38. fxg5+ Kxg5 39. Kf3 f4
40. d4 cxd4 41. c5 d3 42. c6 d2 43. Ke2 Kg4 44. c7 Kg3 45. c8=Q f3+ 46. Kxd2 f2
47. Qf8 1-0

[Event "Rilly/Bogny"]
[Site "?"]
[Date "2009.02.08"]
[Round "5"]
[White "BARDOUX, Thierry"]
[Black "FLAMANT, Jacky"]
[Result "1-0"]
[WhiteElo "2152"]
[BlackElo "1886"]
[PlyCount "57"]
[EventDate "2009.02.08"]
[SourceDate "2009.02.11"]

1. d4 Nf6 2. Nf3 d5 3. e3 Bg4 4. c4 c6 5. Nbd2 e6 6. Qb3 Qb6 7. Qc2 Nbd7 8. Bd3
dxc4 9. Nxc4 Bb4+ 10. Bd2 Bxd2+ 11. Nfxd2 Qc7 12. O-O O-O 13. e4 e5 14. dxe5
Nxe5 15. Nxe5 Qxe5 16. Nc4 Qh5 17. Rae1 Rad8 18. Ne3 Be6 19. f3 Rd7 20. Bc4
Bxc4 21. Qxc4 Rfd8 22. Nf5 Rd2 23. Re2 Qg5 24. h4 Qh5 25. Rxd2 Rxd2 26. Qc3 Rd7
27. Qe5 Kf8 28. Qb8+ Ne8 29. Qxe8+ 1-0

[Event "Rilly/Bogny"]
[Site "?"]
[Date "2009.02.08"]
[Round "5"]
[White "GUYON, Cyndie"]
[Black "GASIOR, Jerome"]
[Result "1-0"]
[WhiteElo "1890"]
[BlackElo "2130"]
[PlyCount "55"]
[EventDate "2009.02.08"]
[SourceDate "2009.02.11"]

1. d4 Nf6 2. Bg5 d5 3. Bxf6 exf6 4. e3 Bd6 5. Bd3 c6 6. Nd2 Nd7 7. Qf3 O-O 8.
Ne2 g6 9. g4 Re8 10. h4 Bf8 11. h5 Bg7 12. hxg6 fxg6 13. Nf4 Nf8 14. O-O-O Qd7
15. Rdg1 Qf7 16. Rg2 f5 17. gxf5 Bxf5 18. Bxf5 Qxf5 19. Rhg1 Ne6 20. Rg4 Rf8
21. Qg3 Rae8 22. Nxe6 Qxe6 23. Nf3 Rf5 24. Ng5 Qf6 25. Nxh7 Kxh7 26. Rxg6 Qf7
27. Rxg7+ Qxg7 28. Qxg7# 1-0

[Event "Rilly/Bogny"]
[Site "?"]
[Date "2009.02.08"]
[Round "5"]
[White "MEUNIER, Samuel"]
[Black "ALCIDI, Valenti"]
[Result "1-0"]
[WhiteElo "1929"]
[BlackElo "1870"]
[PlyCount "39"]
[EventDate "2009.02.08"]
[SourceDate "2009.02.11"]

1. e4 e5 2. Nf3 Nc6 3. d4 exd4 4. Nxd4 Bc5 5. Be3 Qf6 6. c3 Nge7 7. g3 a6 8.
Bg2 O-O 9. O-O d6 10. b4 Bxd4 11. cxd4 Nxb4 12. a3 Nbc6 13. Nc3 Ng6 14. f4 Re8
15. f5 Nf8 16. Nd5 Qd8 17. f6 Ng6 18. fxg7 Kxg7 19. Qh5 Re6 20. Bh3 1-0

[Event "Rilly/Bogny"]
[Site "?"]
[Date "2009.02.08"]
[Round "5"]
[White "LEGHBALI, Sophiane"]
[Black "RAULET, Alain"]
[Result "1-0"]
[WhiteElo "1878"]
[BlackElo "1965"]
[PlyCount "67"]
[EventDate "2009.02.08"]
[SourceDate "2009.02.11"]

1. e4 c5 2. Nf3 e6 3. d4 cxd4 4. Nxd4 a6 5. Bc4 Nf6 6. Nc3 Qc7 7. Bb3 Bb4 8.
O-O O-O 9. Nde2 Nc6 10. a3 Be7 11. f4 d6 12. Ng3 Bd7 13. Kh1 Rac8 14. Be3 Na5
15. Ba2 Nc4 16. Bxc4 Qxc4 17. Bd4 Rcd8 18. b3 Qc6 19. Qd3 b5 20. Na2 Qb7 21.
Rac1 e5 22. Bb2 exf4 23. Rxf4 Ng4 24. Nf5 Bxf5 25. Rxf5 Ne5 26. Qd4 Bf6 27. Nc3
Nc6 28. Qe3 Nd4 29. Rxf6 gxf6 30. Qxd4 Qe7 31. Nd5 Qe5 32. Nxf6+ Kh8 33. Qxe5
dxe5 34. Bxe5 1-0

[Event "Rilly/Bogny"]
[Site "?"]
[Date "2009.02.08"]
[Round "5"]
[White "BINIAUX, Mickael"]
[Black "PRIOUX, Michel"]
[Result "0-1"]
[WhiteElo "1690"]
[BlackElo "1825"]
[PlyCount "68"]
[EventDate "2009.02.08"]
[SourceDate "2009.02.11"]

1. d4 d5 2. e3 Nf6 3. Bd3 g6 4. Nd2 Bg7 5. c4 O-O 6. Ngf3 dxc4 7. Bxc4 c5 8.
O-O cxd4 9. Nxd4 a6 10. Qf3 Ra7 11. h3 b5 12. Be2 Qc7 13. a4 Bb7 14. Qg3 Qxg3
15. fxg3 b4 16. a5 Nc6 17. Nc2 Nd5 18. Bf3 Rd8 19. Ra4 Ne5 20. Bxd5 Bxd5 21.
Nxb4 Ba8 22. Ra3 Nc6 23. Na2 Rad7 24. Nc4 Rd1 25. Nb6 Rxf1+ 26. Kxf1 Bb7 27.
Ke2 Ne5 28. b4 Bxg2 29. b5 axb5 30. Nb4 Nc4 31. Nxc4 bxc4 32. a6 e6 33. Bd2 Bf8
34. Ra5 Rxd2+ 0-1

[Event "Rilly/Bogny"]
[Site "?"]
[Date "2009.02.08"]
[Round "5"]
[White "WACZECKA, Jerome"]
[Black "LABROCHE, Jerome"]
[Result "*"]
[WhiteElo "1860"]
[BlackElo "1785"]
[PlyCount "69"]
[EventDate "2009.02.08"]
[SourceDate "2009.02.11"]

1. d4 d5 2. Nf3 Bf5 3. Bg5 c6 4. c3 Nd7 5. Nbd2 Qb6 6. Qb3 e6 7. e3 h6 8. Bh4
Ngf6 9. Be2 Rc8 10. O-O Be7 11. c4 O-O 12. Qxb6 axb6 13. Ne5 g5 14. Bg3 Nxe5
15. Bxe5 Nd7 16. Bg3 c5 17. cxd5 exd5 18. dxc5 Rxc5 19. Nb3 Rcc8 20. Nd4 Bg6
21. Rac1 Nf6 22. Rc7 Rxc7 23. Bxc7 Bc5 24. Rd1 Rc8 25. Be5 Ne4 26. Nb5 f6 27.
Bc7 Be8 28. Bg4 Ra8 29. Be6+ Bf7 30. Bxf7+ Kxf7 31. a3 Ke6 32. h3 Ra5 33. Nd4+
Bxd4 34. Rxd4 Rc5 35. f3 *

[Event "Rilly/Bogny"]
[Site "?"]
[Date "2009.02.08"]
[Round "5"]
[White "MEYER, Caroline"]
[Black "RENARD, Luc"]
[Result "0-1"]
[WhiteElo "1499"]
[BlackElo "1720"]
[PlyCount "104"]
[EventDate "2009.02.08"]
[SourceDate "2009.02.11"]

1. d4 Nf6 2. Nc3 d5 3. e3 Bf5 4. Bd3 Bxd3 5. Qxd3 c6 6. e4 dxe4 7. Nxe4 Nxe4 8.
Qxe4 Qd5 9. Qe3 Qxg2 10. Qf3 Qxf3 11. Nxf3 Nd7 12. Be3 e6 13. O-O-O g6 14. h4
Nf6 15. Ne5 h5 16. c3 Nd5 17. Bd2 Bd6 18. Nc4 Bc7 19. Rhg1 Ne7 20. Bg5 Nf5 21.
Bf6 Rg8 22. Rge1 Bd8 23. Be5 Bxh4 24. Rd2 Bg5 25. f4 Be7 26. Na5 Nd6 27. Nb3
Nf5 28. Na5 Nd6 29. Rf1 Ne4 30. Re2 Ng3 31. Ref2 Nxf1 32. Rxf1 Kd7 33. Nxb7 f6
34. Nc5+ Bxc5 35. dxc5 fxe5 36. fxe5 Ke7 37. b4 Rad8 38. b5 cxb5 39. Rd1 Rxd1+
40. Kxd1 Rc8 41. a4 Rxc5 42. Kc2 b4 43. Kb3 bxc3 44. Kb4 Rxe5 45. Kxc3 h4 46.
Kb4 h3 47. a5 Rxa5 48. Kxa5 h2 49. Ka6 h1=Q 50. Kxa7 Qb1 51. Ka6 Kd6 52. Ka5
Kc5 0-1

[Event "Rilly/Bogny"]
[Site "?"]
[Date "2009.02.08"]
[Round "5"]
[White "HUSSON, Christophe"]
[Black "BOHR, Frederic"]
[Result "1-0"]
[WhiteElo "1710"]
[BlackElo "1490"]
[PlyCount "79"]
[EventDate "2009.02.08"]
[SourceDate "2009.02.11"]

1. e4 e5 2. Nf3 Nf6 3. Nc3 Nc6 4. d4 Bd6 5. Bg5 O-O 6. Nd5 Be7 7. Nxe7+ Qxe7 8.
c3 d6 9. d5 Nb8 10. h3 Nbd7 11. Bd3 Qe8 12. O-O a6 13. Nh2 h6 14. Be3 b5 15.
Bc2 Nc5 16. Qb1 c6 17. Bxc5 dxc5 18. dxc6 Qxc6 19. Nf3 Re8 20. a4 Bb7 21. axb5
axb5 22. Rxa8 Bxa8 23. Re1 Nh5 24. g3 Qg6 25. Kh2 Qf6 26. Kg2 Bb7 27. Qd1 c4
28. Qd7 Bc6 29. Qd1 Qe6 30. Nh2 Nf6 31. f3 Bd7 32. Ng4 Nh7 33. Qd5 Qe7 34. Rd1
Nf8 35. Ne3 Qg5 36. Ng4 Kh8 37. Qc5 f5 38. Nxe5 f4 39. Nf7+ Kg8 40. Nxg5 1-0

[Event "Rilly/Bogny"]
[Site "?"]
[Date "2009.02.08"]
[Round "5"]
[White "PITHOIS, Fabien"]
[Black "HERRMANN, Jean-Philippe"]
[Result "0-1"]
[WhiteElo "1880"]
[BlackElo "2233"]
[PlyCount "77"]
[EventDate "2009.02.08"]
[SourceDate "2009.02.11"]

1. c4 e5 2. Nc3 Nf6 3. g3 Bb4 4. Bg2 O-O 5. Qb3 Bxc3 6. Qxc3 Nc6 7. Nf3 Re8 8.
O-O d5 9. d3 e4 10. Nd4 Ne5 11. c5 h6 12. Bf4 Ng6 13. Bd2 Re5 14. dxe4 dxe4 15.
Rad1 Qe8 16. Nc2 Rh5 17. Ne3 Bd7 18. f3 Bc6 19. f4 Qe7 20. Be1 Rxc5 21. Qd4 a5
22. Bc3 Nf8 23. f5 N8d7 24. b4 Rb5 25. a4 Rxb4 26. Bxb4 Qxb4 27. Qxb4 axb4 28.
Rd4 b3 29. Rb4 Nc5 30. Rc1 Rxa4 31. Rxa4 Nxa4 32. Rb1 Nc5 33. Nc4 Bd5 34. Nd2
Kf8 35. h3 Ke7 36. Bf1 e3 37. Nf3 Nfe4 38. Nd4 Nd2 39. Rb2 0-1

[Event "ENHM/Epernay"]
[Site "?"]
[Date "2009.02.08"]
[Round "5"]
[White "VIARD, Dominique"]
[Black "COLLINET, Laurent"]
[Result "1/2-1/2"]
[WhiteElo "2040"]
[BlackElo "1850"]
[PlyCount "153"]
[EventDate "2009.??.??"]

1. Nf3 c5 2. g3 Nf6 3. Bg2 g6 4. O-O Bg7 5. c3 O-O 6. d3 Nc6 7. Qc2 d6 8. Nbd2
Bd7 9. a4 a6 10. Nc4 Qc7 11. e4 b5 12. Ne3 Rab8 13. axb5 axb5 14. Bd2 b4 15.
Nc4 Ng4 16. Ra6 b3 17. Qd1 Nge5 18. Ncxe5 Nxe5 19. Nxe5 Bxe5 20. Ra3 c4 21. d4
Bg7 22. Qe2 Ra8 23. Rfa1 Rxa3 24. Rxa3 e6 25. Qf1 e5 26. d5 f5 27. Qa1 Rb8 28.
Be3 Kf7 29. Ra6 Bf6 30. Qa3 Be7 31. f3 g5 32. exf5 Bxf5 33. Rc6 Qb7 34. Qa5 Rc8
35. f4 gxf4 36. gxf4 e4 37. Qb6 Qxb6 38. Bxb6 Rxc6 39. dxc6 d5 40. Kf2 Ke6 41.
Ke3 Kd6 42. c7 Kc6 43. Ba5 Bc5+ 44. Ke2 Kb5 45. c8=Q Bxc8 46. Bc7 Bg4+ 47. Ke1
Be3 48. h3 Bh5 49. Bf1 Bc1 50. Be2 Bg6 51. Bg4 Bxb2 52. Be5 Ba3 53. Bd7+ Kb6
54. Bd4+ Kc7 55. Ba4 b2 56. Bc2 e3 57. f5 Be8 58. Bxe3 Ba4 59. Bf4+ Bd6 60.
Bxd6+ Kxd6 61. Bb1 d4 62. cxd4 Kd5 (62... c3 $3) 63. f6 Be8 64. Bxh7 Bf7 65.
Kd2 Kxd4 66. Kc2 c3 67. h4 Ba2 68. Kd1 Bb3+ 69. Ke2 Bf7 (69... c2 $3 70. Bxc2
Bxc2 71. f7 Bd3+ $19) 70. Kd1 Bb3+ 71. Ke2 Ke5 $4 (71... c2 $3) 72. Bb1 c2 73.
Bxc2 Bxc2 74. f7 Bd1+ 75. Kf2 b1=Q 76. f8=Q Qb6+ 77. Ke1 1/2-1/2

[Event "ENHM/Epernay"]
[Site "?"]
[Date "2009.02.08"]
[Round "5"]
[White "CREPAUX, Jean-Marie"]
[Black "ROBERT DEHAULT, Etienne"]
[Result "1/2-1/2"]
[WhiteElo "1840"]
[BlackElo "1937"]
[Annotator "picard,serge"]
[PlyCount "84"]
[EventDate "2009.02.08"]
[SourceDate "2009.02.11"]

1. e4 c6 2. d4 d5 3. e5 Bf5 4. g4 Bd7 5. Nc3 e6 6. Nf3 c5 7. Bg2 Nc6 8. O-O
cxd4 9. Nxd4 Be7 10. Re1 Nxd4 11. Qxd4 Rc8 12. h3 Bc5 13. Qf4 Qb6 14. Re2 Ne7
15. Bd2 Ng6 16. Qg3 d4 17. Ne4 Qxb2 18. Rc1 Be7 19. c4 dxc3 20. Nxc3 Qb6 21.
Rb1 Qd4 22. Rxb7 Bh4 23. Qe3 Qxe3 24. Rxe3 Bg5 25. Re2 Nf4 26. Bxf4 Bxf4 27.
Nb5 Rc1+ 28. Bf1 Bxb5 29. Rxb5 O-O 30. Re4 Bg5 31. Ra4 Rd8 32. Kg2 Rc2 33. Rb3
Bh4 34. Rf3 Rdd2 35. Rxa7 g6 36. Raxf7 Rxa2 37. Bc4 Ra5 38. Rf8+ Kg7 39. R8f7+
Kh6 40. Re3 Rc2 41. Bb3 Rb2 42. Bxe6 Rc2 {illisible} 1/2-1/2

[Event "ENHM/Epernay"]
[Site "?"]
[Date "2009.02.08"]
[Round "5"]
[White "ZEROUAL, Mohamed"]
[Black "BARREAUD, Samuel"]
[Result "0-1"]
[WhiteElo "1990"]
[BlackElo "1830"]
[PlyCount "48"]
[EventDate "2009.02.08"]
[SourceDate "2009.02.11"]

1. Nf3 e6 2. g3 d5 3. Bg2 Bd6 4. Nc3 f5 5. d3 Nf6 6. Nb5 O-O 7. Nxd6 cxd6 8.
O-O h6 9. b3 Nc6 10. c4 d4 11. a3 a5 12. Bd2 e5 13. Qc1 Qe7 14. Rb1 g5 15. h4
e4 16. hxg5 Ng4 17. Nh4 e3 18. Ng6 Qxg5 19. Bd5+ Kg7 20. Nxf8 Qh5 21. Kg2 Qh2+
22. Kf3 Nge5+ 23. Kf4 Kxf8 24. fxe3 Ng6+ 0-1

[Event "ENHM/Epernay"]
[Site "?"]
[Date "2009.02.08"]
[Round "5"]
[White "SCHELFHOUT-MELIN, Marie"]
[Black "MORET, Florian"]
[Result "1-0"]
[WhiteElo "1850"]
[BlackElo "1920"]
[PlyCount "59"]
[EventDate "2009.02.08"]
[SourceDate "2009.02.11"]

1. e4 e5 2. Nf3 Nc6 3. Bc4 Bc5 4. Nc3 Nf6 5. d3 h6 6. O-O d6 7. h3 O-O 8. Be3
Bb6 9. Nd5 Nxd5 10. Bxd5 Ne7 11. Bb3 Be6 12. Qd2 Kh7 13. Nh2 Ng6 14. Bxe6 fxe6
15. g3 Qf6 16. Ng4 Qf3 17. Bxb6 axb6 18. Qe3 h5 19. Qxf3 Rxf3 20. Nh2 Rf7 21.
h4 Raf8 22. c3 Ne7 23. d4 exd4 24. cxd4 Nc6 25. Rad1 e5 26. dxe5 Nxe5 27. Kg2
Kg6 28. a3 Kf6 29. Nf3 Ke7 30. Ng5 1-0

[Event "ENHM/Epernay"]
[Site "?"]
[Date "2009.02.08"]
[Round "5"]
[White "TALBOT, Remi"]
[Black "MELIN, Georges"]
[Result "0-1"]
[WhiteElo "1790"]
[BlackElo "1780"]
[PlyCount "64"]
[EventDate "2009.02.08"]
[SourceDate "2009.02.11"]

1. d4 Nf6 2. c4 c5 3. d5 b5 4. cxb5 a6 5. bxa6 Bxa6 6. g3 d6 7. Bg2 g6 8. Nf3
Bg7 9. O-O O-O 10. Nc3 Nbd7 11. Re1 Nb6 12. e4 Qd7 13. Rb1 Rfb8 14. b3 Ng4 15.
Bb2 Nc4 16. Ba1 Na3 17. Rc1 Bh6 18. Nd2 Ne5 19. Bf1 Bxf1 20. Nxf1 Bxc1 21. Qxc1
Nf3+ 22. Kg2 Nxe1+ 23. Qxe1 Nc2 24. Qc1 Nxa1 25. Qxa1 Rxb3 26. Qc1 Rba3 27. Nd2
Qb7 28. Ndb1 Qb4 29. Nxa3 Rxa3 30. Nb5 Qxe4+ 31. Kg1 Rxa2 32. Nc3 Rc2 0-1

[Event "ENHM/Epernay"]
[Site "?"]
[Date "2009.02.08"]
[Round "5"]
[White "VEGA, Emmanuel"]
[Black "VEGAROUABLE, Denis"]
[Result "0-1"]
[WhiteElo "1680"]
[BlackElo "1820"]
[PlyCount "62"]
[EventDate "2009.02.08"]
[SourceDate "2009.02.11"]

1. e4 c6 2. d4 d5 3. e5 Bf5 4. g4 Bg6 5. f4 e6 6. h4 h5 7. g5 Ne7 8. Bh3 Nf5 9.
Bxf5 Bxf5 10. Ne2 c5 11. Nbc3 Nc6 12. Be3 Qb6 13. dxc5 Bxc5 14. Bxc5 Qxc5 15.
Qd2 O-O 16. O-O-O Rac8 17. Ng3 Bg4 18. Rdf1 g6 19. Nd1 Nb4 20. c3 d4 21. Kb1
dxc3 22. Nxc3 Rfd8 23. Qf2 Qc4 24. Nge4 Bf5 25. a3 Bxe4+ 26. Ka1 Nc2+ 27. Kb1
Nxa3+ 28. Ka1 Nc2+ 29. Kb1 Qa6 30. Qxc2 Bxc2+ 31. Kxc2 Qa4+ 0-1

[Event "ENHM/Epernay"]
[Site "?"]
[Date "2009.02.08"]
[Round "5"]
[White "ZEROUAL, Hadjer"]
[Black "MARCHAL, Ludovic"]
[Result "0-1"]
[WhiteElo "1199"]
[BlackElo "1580"]
[PlyCount "54"]
[EventDate "2009.02.08"]
[SourceDate "2009.02.11"]

1. e4 e6 2. Nf3 d5 3. d3 dxe4 4. dxe4 Qxd1+ 5. Kxd1 Bc5 6. Bf4 Nf6 7. Bd3 Ng4
8. Bg3 Nxf2+ 9. Bxf2 Bxf2 10. Rf1 Bb6 11. Ng5 f6 12. Nxe6 Bxe6 13. b3 Nd7 14.
Bc4 Bxc4 15. bxc4 Ne5 16. Na3 O-O-O+ 17. Kc1 Rhe8 18. Rf4 Be3+ 19. Kb1 Bxf4 20.
Kb2 Nc6 21. Rf1 Rxe4 22. g3 Be5+ 23. Kb3 Rd2 24. Rh1 Ree2 25. c3 Rxh2 26. Nb1
Rxa2 27. Rg1 Rhb2# 0-1